| 000 | 00598nam a2200205 a 4500 | ||
|---|---|---|---|
| 005 | 20140310183245.0 | ||
| 008 | 040827s19uu xx 00 eng d | ||
| 020 | _a9780130478825 | ||
| 050 |
_aHB 172.5 _b.C638 2002 |
||
| 100 | _aColander, David C. | ||
| 245 |
_aMacroeconomics / _cDavid C. Colander. |
||
| 260 |
_aNew Jersey : _bPrentice Hall, _c2002. |
||
| 300 |
_a464 p. : _bill. col. ; _c26 cm. |
||
| 500 | _aIncludes bibliographical references and index w/ cd. | ||
| 521 | _aBSBA | ||
| 650 | _aMacroeconomics. | ||
| 700 | _aGamber, Edward N. | ||
| 942 |
_cBK _2lcc _kFOR |
||
| 999 |
_c20674 _d20674 |
||